000 00373nam a2200157Ia 4500
008 160316s1985 xxu||||| |||| 00| 0 eng d
082 _a954.000000
_bBAN
100 _aBang Thakurdas
245 _aWhiter India
250 _a
260 _aVaranasi
_bSarva Seva Sangh Prakashan
_c1985
300 _a200p
_b
_c
365 _bRs.10
650 _a1.Indian History
700 _a
_a
999 _c731
_d731